Research methods in accounting / (Record no. 25180)
[ view plain ]
| 000 -LEADER | |
|---|---|
| fixed length control field | 01700nam a2200205 a 4500 |
| 005 - DATE AND TIME OF LATEST TRANSACTION | |
| control field | 20140310183607.0 |
| 008 - FIXED-LENGTH DATA ELEMENTS--GENERAL INFORMATION | |
| fixed length control field | 120627s19uu xx 00 eng d |
| 020 ## - INTERNATIONAL STANDARD BOOK NUMBER | |
| International Standard Book Number | 9781849207973 |
| 050 ## - LIBRARY OF CONGRESS CALL NUMBER | |
| Classification number | HF 5630 |
| Item number | .Sm62 2011 |
| 100 ## - MAIN ENTRY--PERSONAL NAME | |
| Personal name | Smith, Malcolm |
| 245 ## - TITLE STATEMENT | |
| Title | Research methods in accounting / |
| Statement of responsibility, etc | Malcolm Smith. |
| 250 ## - EDITION STATEMENT | |
| Edition statement | 2nd ed. |
| 260 ## - PUBLICATION, DISTRIBUTION, ETC. (IMPRINT) | |
| Place of publication, distribution, etc | Los Angeles : |
| Name of publisher, distributor, etc | SAGE, |
| Date of publication, distribution, etc | 2011. |
| 300 ## - PHYSICAL DESCRIPTION | |
| Extent | 223 p. : |
| Dimensions | 25 CM. |
| 500 ## - GENERAL NOTE | |
| General note | Includes bibliographical references (p. [199]-218) and index |
| 520 ## - SUMMARY, ETC. | |
| Summary, etc | This updated and expanded Second Edition of Research Methods in Accounting continues to provide a practical and accessible overview of the conduct of applied research studies in accounting. New to the Second Edition: expanded coverage of the areas of 'Theory' and 'Statistical Testing' to incorporate new developments; more in-depth detail on theory and associated applications, derived from behavioral, psychological, and qualitative disciplines; expanded chapter in qualitative research to reflect the movement in qualitative methodologies; treatment of the practical issues associated with the application of structural equation modeling in quantitative research; revised chapter on fieldwork to give a more considered view of qualitative research in all its alternative forms Retaining its focus on the role of theory in research, the new edition brings together the latest developments in research methods to provide candidates for PhD, DBA, Masters by research degrees in Accounting, and Master's research projects with up-to-date insights into the field of accounting and management research methods. |
| 521 ## - TARGET AUDIENCE NOTE | |
| Target audience note | |
| 650 ## - SUBJECT ADDED ENTRY--TOPICAL TERM | |
| Topical term or geographic name as entry element | Accounting |
| General subdivision | Research |
| -- | Methodology |
| 942 ## - ADDED ENTRY ELEMENTS (KOHA) | |
| Koha item type | Books |
| Source of classification or shelving scheme | Library of Congress Classification |
| Call number prefix | Foreign |
| Withdrawn status | Lost status | Source of classification or shelving scheme | Damaged status | Home library | Current library | Shelving location | Date acquired | Source of acquisition | Cost, normal purchase price | Total Checkouts | Full call number | Barcode | Date last seen | Copy number | Price effective from | Koha item type |
|---|---|---|---|---|---|---|---|---|---|---|---|---|---|---|---|---|
| Library of Congress Classification | College Library | College Library | General Circulation Section | 10/30/2012 | Donation | 4079.00 | HF 5630 .Sm62 2011 | C15533 | 05/15/2018 | 1 | 10/18/2013 | Books | ||||
| Library of Congress Classification | College Library | College Library | General Circulation Section | 02/11/2014 | Donation | HF 5630 .Sm62 2011 | C14986 | 05/15/2018 | 2 | 02/11/2014 | Books |